[Event "Kitchener Oktoberfest op"]
[Site "Kitchener"]
[Date "2008.10.19"]
[Round "4"]
[White "Van Run, Jan"]
[Black "Touboulic, Julien"]
[Result "1/2-1/2"]
[WhiteElo "2056"]
[BlackElo "2197"]
[PlyCount "27"]
[EventDate "2008.10.17"]
[EventType "swiss"]
[EventRounds "5"]
[EventCountry "CAN"]
[SourceTitle "EXT 2011"]
[Source "ChessBase"]
[SourceDate "2010.11.26"]
[SourceVersion "1"]
[SourceVersionDate "2010.11.26"]
[SourceQuality "1"]

1. b3 d5 2. e3 Nf6 3. Bb2 c6 4. f4 Bg4 5. Be2 Bxe2 6. Qxe2 e6 7. Nf3 Nbd7 8. d3 Qc7 9. Nbd2 Bd6 10. g3 0-0-0 11. 0-0-0 e5 12. fxe5 Nxe5 13. e4 Rde8 14. Nxe5 1/2-1/2

[Event "FRA-ch Accession"]
[Site "Besancon"]
[Date "2006.08.15"]
[Round "1"]
[White "Touboulic, Julien"]
[Black "Olivier, Jean Christophe"]
[Result "0-1"]
[WhiteElo "2244"]
[BlackElo "2392"]
[PlyCount "66"]
[EventDate "2006.08.15"]
[EventType "swiss"]
[EventRounds "10"]
[EventCountry "FRA"]
[SourceTitle "CBM 113 Extra"]
[Source "ChessBase"]
[SourceDate "2006.09.14"]
[SourceVersion "1"]
[SourceVersionDate "2006.09.14"]
[SourceQuality "1"]

1. e4 c5 2. Nf3 d6 3. Bb5+ Bd7 4. Bxd7+ Qxd7 5. 0-0 Nc6 6. c3 Nf6 7. d4 cxd4 8. cxd4 Nxe4 9. d5 Ne5 10. Re1 Nxf3+ 11. Qxf3 Nf6 12. Nc3 e5 13. dxe6 fxe6 14. Nd5 Kf7 15. Nxf6 gxf6 16. Bg5 Bg7 17. Qh5+ Ke7 18. Bh4 Rac8 19. Rad1 Rc6 20. Rd3 Kd8 21. Rf3 Qe7 22. Qa5+ b6 23. Qa4 Rc7 24. Rfe3 e5 25. Rd3 Kc8 26. Red1 Rd8 27. Qe4 Kb8 28. f4 Rdd7 29. Qxh7 e4 30. Rd5 Rc2 31. R5d4 d5 32. Rxd5 Qc5+ 33. Kh1 Qxd5 0-1

[Event "Paris-ch"]
[Site "Paris"]
[Date "2006.07.12"]
[Round "8"]
[White "Manouck, Thierry"]
[Black "Touboulic, Julien"]
[Result "1/2-1/2"]
[WhiteElo "2337"]
[BlackElo "2244"]
[PlyCount "70"]
[EventDate "2006.07.08"]
[EventType "swiss"]
[EventRounds "9"]
[EventCountry "FRA"]
[SourceTitle "EXT 2007"]
[Source "ChessBase"]
[SourceDate "2006.11.23"]
[SourceVersion "1"]
[SourceVersionDate "2006.11.23"]
[SourceQuality "1"]

1. c4 e5 2. g3 Nf6 3. Bg2 h6 4. Nc3 Bb4 5. e4 Bxc3 6. dxc3 d6 7. Qc2 Be6 8. b3 a5 9. Nf3 a4 10. Rb1 Na6 11. 0-0 Qc8 12. Re1 Nc5 13. Nd2 Bh3 14. Nf1 Bxg2 15. Kxg2 0-0 16. f3 axb3 17. axb3 Nh7 18. g4 Ra6 19. Ng3 Qd7 20. Rd1 Rfa8 21. Rb2 Nf8 22. Nf5 Ng6 23. b4 Ne6 24. c5 Ngf4+ 25. Bxf4 Nxf4+ 26. Kg3 Ra1 27. cxd6 cxd6 28. c4 R8a3 29. Rxa1 Rxa1 30. Rb1 Rxb1 31. Qxb1 Qc7 32. Qa2 Qb6 33. c5 Qxb4 34. cxd6 Qe1+ 35. Qf2 Ne2+ 1/2-1/2

[Event "Paris-ch"]
[Site "Paris"]
[Date "2006.07.12"]
[Round "6"]
[White "Mullon, Jean Baptiste"]
[Black "Touboulic, Julien"]
[Result "1-0"]
[WhiteElo "2375"]
[BlackElo "2244"]
[PlyCount "71"]
[EventDate "2006.07.08"]
[EventType "swiss"]
[EventRounds "9"]
[EventCountry "FRA"]
[SourceTitle "EXT 2007"]
[Source "ChessBase"]
[SourceDate "2006.11.23"]
[SourceVersion "1"]
[SourceVersionDate "2006.11.23"]
[SourceQuality "1"]

1. e4 c5 2. Nf3 e6 3. d4 cxd4 4. Nxd4 a6 5. Bd3 Nf6 6. 0-0 Qc7 7. Qe2 d6 8. c4 g6 9. Nc3 Bg7 10. Rd1 0-0 11. Nf3 Nc6 12. Bf4 e5 13. Be3 Bg4 14. h3 Nd4 15. Bxd4 Bxf3 16. Qxf3 exd4 17. Nd5 Nxd5 18. exd5 Qb6 19. Rab1 a5 20. g3 Rfe8 21. Kg2 Re7 22. Rd2 Rae8 23. Re2 Rxe2 24. Bxe2 h5 25. h4 Qc7 26. Qd3 Qe7 27. Bf3 Qc7 28. Rd1 Qb6 29. Rb1 Qc7 30. a3 Re7 31. Rd1 Qd8 32. Qc2 Qb6 33. Rd3 a4 34. Qxa4 Qxb2 35. c5 Be5 36. c6 1-0

[Event "Paris-ch"]
[Site "Paris"]
[Date "2006.07.12"]
[Round "1"]
[White "Touboulic, Julien"]
[Black "Shirazi, Kamran"]
[Result "1-0"]
[WhiteElo "2244"]
[BlackElo "2429"]
[PlyCount "153"]
[EventDate "2006.07.08"]
[EventType "swiss"]
[EventRounds "9"]
[EventCountry "FRA"]
[SourceTitle "EXT 2007"]
[Source "ChessBase"]
[SourceDate "2006.11.23"]
[SourceVersion "1"]
[SourceVersionDate "2006.11.23"]
[SourceQuality "1"]

1. e4 c6 2. d4 d5 3. Nc3 b5 4. a3 dxe4 5. Nxe4 Nf6 6. Nxf6+ exf6 7. c3 Bd6 8. Bd3 0-0 9. Ne2 Qc7 10. h3 Re8 11. 0-0 f5 12. Qc2 g6 13. g3 Nd7 14. Bf4 Nf6 15. Bxd6 Qxd6 16. Rfe1 Bd7 17. Nf4 c5 18. Bf1 cxd4 19. Rxe8+ Rxe8 20. Rd1 Qc5 21. Rxd4 Bc6 22. Qd1 Ne4 23. Bg2 Qb6 24. h4 a5 25. h5 g5 26. Bxe4 Rxe4 27. Rd8+ Re8 28. Rxe8+ Bxe8 29. Nd5 Qe6 30. Qd4 Bc6 31. h6 f6 32. Nxf6+ Kf7 33. Qa7+ Qe7 34. Qxe7+ Kxe7 35. Nxh7 g4 36. Ng5 Kf6 37. h7 Kg7 38. Kf1 a4 39. Ke2 Bd5 40. Ke3 Ba2 41. Kd4 Bb3 42. Ke5 Bc2 43. Kd4 Bb3 44. Ke5 Bc2 45. Kd6 Bd3 46. Ke7 Bc2 47. Ne6+ Kxh7 48. Kf6 Bd3 49. Nd4 Kh6 50. Nxf5+ Kh5 51. Nd6 Kh6 52. Ke5 Kg5 53. Ne4+ Kg6 54. Kf4 Be2 55. Nd2 Bd1 56. f3 gxf3 57. Nxf3 Be2 58. g4 Kf6 59. g5+ Kg7 60. Ne5 Bf1 61. Ke4 Kf8 62. Kd5 Ke7 63. Nc6+ Kf7 64. Kc5 Kg6 65. Nd4 Kxg5 66. Nxb5 Kf6 67. Kb4 Ke5 68. Kxa4 Kd5 69. Kb4 Kc6 70. Nd4+ Kb6 71. c4 Bg2 72. c5+ Ka6 73. Kc4 Ka5 74. b4+ Ka4 75. c6 Kxa3 76. b5 Ka4 77. b6 1-0

[Event "Bois Colombes op 2nd"]
[Site "Bois Colombes"]
[Date "2005.12.26"]
[Round "6"]
[White "Touboulic, Julien"]
[Black "Picard, Romain"]
[Result "1/2-1/2"]
[WhiteElo "2192"]
[BlackElo "2330"]
[PlyCount "91"]
[EventDate "2005.12.21"]
[EventType "swiss"]
[EventRounds "6"]
[EventCountry "FRA"]
[SourceTitle "EXT 2007"]
[Source "ChessBase"]
[SourceDate "2006.11.23"]
[SourceVersion "1"]
[SourceVersionDate "2006.11.23"]
[SourceQuality "1"]

1. e4 e6 2. d4 d5 3. Nc3 Nf6 4. e5 Nfd7 5. f4 c5 6. Nf3 Qb6 7. Na4 Qc6 8. Nxc5 Nxc5 9. dxc5 Bxc5 10. Bd3 Qb6 11. c3 a5 12. Qb3 Nc6 13. Qxb6 Bxb6 14. Ke2 Bc5 15. Be3 b6 16. Nd4 Bxd4 17. Bxd4 Ba6 18. Bxa6 Rxa6 19. a4 Kd7 20. Rhd1 Rb8 21. Be3 b5 22. axb5 Rxb5 23. b4 Kc7 24. Ra2 Kb7 25. Rda1 Ra8 26. bxa5 Raxa5 27. Kd3 Rxa2 28. Rxa2 Na5 29. g4 Kc7 30. h4 Kd7 31. h5 g6 32. h6 Kc7 33. Bd4 Kc6 34. f5 Kd7 35. fxg6 fxg6 36. Rf2 Ke8 37. Ra2 Ke7 38. Bb6 Nc6 39. Bc7 Rb7 40. Bd6+ Ke8 41. Ra8+ Nd8 42. c4 Rb3+ 43. Kc2 dxc4 44. Bc7 Rd3 45. Bxd8 Rxd8 46. Ra7 1/2-1/2

[Event "Bois Colombes op 2nd"]
[Site "Bois Colombes"]
[Date "2005.12.21"]
[Round "1"]
[White "Pass, Deborah"]
[Black "Touboulic, Julien"]
[Result "0-1"]
[WhiteElo "1989"]
[BlackElo "2192"]
[PlyCount "46"]
[EventDate "2005.12.21"]
[EventType "swiss"]
[EventRounds "6"]
[EventCountry "FRA"]
[SourceTitle "EXT 2007"]
[Source "ChessBase"]
[SourceDate "2006.11.23"]
[SourceVersion "1"]
[SourceVersionDate "2006.11.23"]
[SourceQuality "1"]

1. e4 c5 2. f4 d5 3. Bb5+ Bd7 4. Bxd7+ Qxd7 5. e5 Nc6 6. Ne2 g5 7. d4 gxf4 8. Bxf4 cxd4 9. 0-0 Bg7 10. Nxd4 Nxe5 11. Nc3 e6 12. Qe2 Ng6 13. Nf5 Bxc3 14. bxc3 Nxf4 15. Rxf4 0-0-0 16. Nd4 Re8 17. Nb5 a6 18. Na7+ Kb8 19. Qe5+ Qc7 20. Nc6+ Kc8 21. Rxf7 Qxc6 22. Qxh8 Nh6 23. Rf8 Qc5+ 0-1

[Event "Tarragona op 6th"]
[Site "Tarragona"]
[Date "2005.08.21"]
[Round "2"]
[White "Delchev, Aleksander"]
[Black "Touboulic, Julien"]
[Result "1-0"]
[WhiteElo "2656"]
[BlackElo "2174"]
[PlyCount "85"]
[EventDate "2005.08.20"]
[EventType "swiss"]
[EventRounds "9"]
[EventCountry "ESP"]
[SourceTitle "CBM 108 Extra"]
[Source "ChessBase"]
[SourceDate "2005.11.04"]
[SourceVersion "1"]
[SourceVersionDate "2005.11.04"]
[SourceQuality "1"]

1. e4 c5 2. Nf3 d6 3. d4 cxd4 4. Nxd4 Nf6 5. Nc3 a6 6. Be3 e5 7. Nf3 Be7 8. Bc4 Be6 9. Bb3 Qc7 10. 0-0 0-0 11. Nh4 Nxe4 12. Nxe4 Bxb3 13. cxb3 Bxh4 14. Qxd6 Rc8 15. f4 Be7 16. Qxe5 Nc6 17. Qxc7 Rxc7 18. Bb6 Rcc8 19. Rad1 Bd8 20. Bc5 b6 21. Bf2 Bc7 22. g3 b5 23. Rd7 Nb8 24. Rd5 Nc6 25. Rc1 Nb4 26. Rd7 Ba5 27. Rxc8+ Rxc8 28. a3 Nc6 29. Nc5 Rd8 30. Rxd8+ Bxd8 31. Nxa6 Bf6 32. Nc7 b4 33. axb4 Bxb2 34. Nd5 Nd4 35. Kf1 Kf8 36. Bxd4 Bxd4 37. g4 Ke8 38. Ke2 Kd7 39. Kd3 Bg1 40. h3 Kd6 41. Ke4 h5 42. g5 g6 43. Ne3 1-0

[Event "Syre Memorial op 28th"]
[Site "Issy les Moulineaux"]
[Date "2005.05.06"]
[Round "3"]
[White "Touboulic, Julien"]
[Black "Bernard, Christophe"]
[Result "1/2-1/2"]
[WhiteElo "2135"]
[BlackElo "2307"]
[PlyCount "89"]
[EventDate "2005.05.05"]
[EventType "swiss"]
[EventRounds "6"]
[EventCountry "FRA"]
[SourceTitle "EXT 2007"]
[Source "ChessBase"]
[SourceDate "2006.11.23"]
[SourceVersion "1"]
[SourceVersionDate "2006.11.23"]
[SourceQuality "1"]

1. e4 c5 2. Nf3 d6 3. d4 cxd4 4. Nxd4 Nf6 5. Nc3 Nc6 6. Bg5 e6 7. Qd2 Be7 8. 0-0-0 0-0 9. Nb3 Qb6 10. f3 Rd8 11. g4 d5 12. exd5 Nxd5 13. Bxe7 Ndxe7 14. Bd3 Bd7 15. Qg5 h6 16. Qh4 Nd5 17. Nxd5 exd5 18. Rhe1 Nb4 19. a3 Nxd3+ 20. Rxd3 Bb5 21. Rd2 d4 22. Qf2 d3 23. Qxb6 axb6 24. c3 Bc4 25. Nd4 b5 26. b3 Rxa3 27. Kb2 Rda8 28. Re8+ Rxe8 29. Kxa3 Bd5 30. Rxd3 Re5 31. Kb4 h5 32. h3 g6 33. Nxb5 Bxb3 34. c4 Bc2 35. Rd2 Bb1 36. Rd1 Bc2 37. Rd2 Bb1 38. Nc3 Re1 39. Kc5 hxg4 40. hxg4 Rc1 41. Kd4 Bc2 42. Ne2 Rd1 43. Kc3 Rxd2 44. Kxd2 Bb3 45. Kc3 1/2-1/2

[Event "FRA-chT2 0405"]
[Site "France"]
[Date "2005.01.09"]
[Round "6.3"]
[White "Medghoul, Sherif"]
[Black "Touboulic, Julien"]
[Result "1-0"]
[WhiteElo "2181"]
[BlackElo "2138"]
[PlyCount "55"]
[EventDate "2004.10.10"]
[EventType "team"]
[EventRounds "11"]
[EventCountry "FRA"]
[SourceTitle "EXT 2006"]
[Source "ChessBase"]
[SourceDate "2005.11.24"]
[SourceVersion "1"]
[SourceVersionDate "2005.11.24"]
[SourceQuality "1"]
[WhiteTeam "Maromme"]
[BlackTeam "Bois Colombes"]
[WhiteTeamCountry "FRA"]
[BlackTeamCountry "FRA"]

1. d4 Nf6 2. c4 g6 3. Nc3 d5 4. cxd5 Nxd5 5. e4 Nxc3 6. bxc3 Bg7 7. Nf3 c5 8. Rb1 Nc6 9. d5 Ne5 10. Nxe5 Bxe5 11. Bb5+ Bd7 12. Qb3 0-0 13. Bxd7 Qxd7 14. f4 c4 15. Qc2 Bg7 16. 0-0 f5 17. Be3 b5 18. e5 Qxd5 19. Rfd1 Qc6 20. Rd2 g5 21. Rbd1 gxf4 22. Bxf4 Qc5+ 23. Kh1 e6 24. Rd7 Bxe5 25. Qe2 Bf6 26. Qxe6+ Kh8 27. Rc7 Qb6 28. Qd7 1-0

[Event "Paris-ch op"]
[Site "Paris"]
[Date "2002.07.07"]
[Round "2"]
[White "Crapis, Frederic"]
[Black "Touboulic, Julien"]
[Result "0-1"]
[WhiteElo "2065"]
[BlackElo "2136"]
[PlyCount "56"]
[EventDate "2002.07.06"]
[EventType "swiss"]
[EventRounds "9"]
[EventCountry "FRA"]
[SourceTitle "CBM 089 Extra"]
[Source "ChessBase"]
[SourceDate "2002.09.10"]
[SourceVersion "2"]
[SourceVersionDate "2002.09.10"]
[SourceQuality "1"]

1. d4 Nf6 2. c4 g6 3. Nc3 d5 4. Bf4 Bg7 5. e3 c5 6. Nf3 0-0 7. Be2 Nc6 8. 0-0 cxd4 9. Nxd4 Nxd4 10. exd4 dxc4 11. Bxc4 Bg4 12. f3 Bf5 13. g4 Rc8 14. Bxf7+ Rxf7 15. gxf5 Nh5 16. Be3 gxf5 17. Kh1 Qd7 18. Rg1 Kh8 19. Qb3 Rff8 20. Rad1 Rg8 21. Qf7 f4 22. Bf2 Qh3 23. Rd3 Bf6 24. Rg4 Rxg4 25. fxg4 Qf1+ 26. Bg1 f3 27. Rd2 Bxd4 28. Rf2 Bxf2 0-1

[Event "FRA-chT2"]
[Site "France"]
[Date "2002.03.10"]
[Round "9"]
[White "Husson, Cybele"]
[Black "Touboulic, Julien"]
[Result "1-0"]
[WhiteElo "2036"]
[BlackElo "2152"]
[PlyCount "127"]
[EventDate "2002.??.??"]
[EventType "team"]
[EventRounds "11"]
[EventCountry "FRA"]
[SourceTitle "EXT 2003"]
[Source "ChessBase"]
[SourceDate "2002.11.25"]
[SourceVersion "1"]
[SourceVersionDate "2002.11.25"]
[SourceQuality "1"]
[WhiteTeam "Cappelle la Grande"]
[BlackTeam "Bois Colombes"]
[WhiteTeamCountry "FRA"]
[BlackTeamCountry "FRA"]

1. e4 c5 2. Nc3 Nc6 3. f4 g6 4. Nf3 Bg7 5. Bc4 e6 6. d3 Nge7 7. 0-0 d5 8. Bb3 0-0 9. Qe1 Nd4 10. Nxd4 cxd4 11. Ne2 dxe4 12. dxe4 b6 13. Bd2 Bb7 14. Ng3 Qd7 15. f5 exf5 16. exf5 Nxf5 17. Nxf5 gxf5 18. Rd1 Kh8 19. Qh4 Rae8 20. Qh5 Be4 21. Bb4 Rg8 22. Bxf7 Be5 23. Rf2 Qb7 24. Bxg8 Rxg8 25. Qe2 Qc7 26. h3 Bg3 27. Rf3 Bxf3 28. Qxf3 Qxc2 29. Rxd4 Be5 30. Bc3 Re8 31. Rd2 Qe4 32. Qxe4 fxe4 33. Bxe5+ Rxe5 34. Kf1 Re7 35. Ke2 Kg7 36. Ke3 Kf6 37. Rd4 Rc7 38. Rxe4 Rc2 39. Rf4+ Ke6 40. Rf2 Rc1 41. Kf4 h6 42. Kg4 Rc5 43. g3 Rb5 44. a3 a5 45. Kf4 Rc5 46. g4 Kf6 47. Ke4+ Kg6 48. Rf3 Rb5 49. b3 Rc5 50. Kd4 Rg5 51. Rc3 Rb5 52. h4 Kf6 53. Rc6+ Kg7 54. Kc4 Re5 55. Rxb6 Re4+ 56. Kb5 Rxg4 57. Kxa5 Rxh4 58. b4 Re4 59. b5 h5 60. Rd6 h4 61. Rd3 Rg4 62. a4 Rg3 63. Rd1 Kf7 64. b6 1-0

[Event "FRA-chT2"]
[Site "France"]
[Date "2001.11.17"]
[Round "2"]
[White "Roger, Mehdi"]
[Black "Touboulic, Julien"]
[Result "1-0"]
[WhiteElo "2191"]
[BlackElo "2150"]
[PlyCount "43"]
[EventDate "2002.??.??"]
[EventType "team"]
[EventRounds "11"]
[EventCountry "FRA"]
[SourceTitle "EXT 2003"]
[Source "ChessBase"]
[SourceDate "2002.11.25"]
[SourceVersion "1"]
[SourceVersionDate "2002.11.25"]
[SourceQuality "1"]

1. e4 c5 2. Nf3 d6 3. d4 cxd4 4. Nxd4 Nf6 5. Nc3 a6 6. Bg5 e6 7. f4 Nc6 8. Nxc6 bxc6 9. e5 h6 10. Bh4 g5 11. fxg5 Nd5 12. Ne4 Qb6 13. Bd3 Qxb2 14. 0-0 Qxe5 15. Qf3 Ra7 16. Bg3 Qg7 17. c4 Nb4 18. Nf6+ Kd8 19. Be4 d5 20. Rfd1 Qxg5 21. Qf2 Rb7 22. Nxd5 1-0

[Event "FRA-chT 0001 U18"]
[Site "France"]
[Date "2001.??.??"]
[Round "9"]
[White "Gallissot, Alexandre"]
[Black "Touboulic, Julien"]
[Result "0-1"]
[WhiteElo "2030"]
[BlackElo "2085"]
[PlyCount "58"]
[EventDate "2000.??.??"]
[EventType "team"]
[EventRounds "11"]
[EventCountry "FRA"]
[SourceTitle "EXT 2003"]
[Source "ChessBase"]
[SourceDate "2002.11.25"]
[SourceVersion "1"]
[SourceVersionDate "2002.11.25"]
[SourceQuality "1"]

1. e4 c5 2. c3 g6 3. d4 cxd4 4. cxd4 d5 5. e5 Bg7 6. Nc3 h5 7. Bg5 Nc6 8. Nge2 f6 9. exf6 exf6 10. Be3 Nge7 11. Nf4 0-0 12. Bd3 f5 13. Bc2 Qd6 14. g3 g5 15. Nxh5 f4 16. gxf4 gxf4 17. Rg1 fxe3 18. Rxg7+ Kh8 19. Rh7+ Kg8 20. Rg7+ Kh8 21. Rh7+ Kg8 22. f4 Bf5 23. Rg7+ Kh8 24. Rg3 e2 25. Qd2 Bxc2 26. Qxc2 Nxd4 27. Qd2 Nef5 28. Rh3 Kg8 29. Ng3 Nf3+ 0-1

[Event "FRA-chT 0001 U18"]
[Site "France"]
[Date "2001.??.??"]
[Round "10"]
[White "Touboulic, Julien"]
[Black "Gregoire, Sylvain"]
[Result "1-0"]
[WhiteElo "2085"]
[BlackElo "2055"]
[PlyCount "90"]
[EventDate "2000.??.??"]
[EventType "team"]
[EventRounds "11"]
[EventCountry "FRA"]
[SourceTitle "EXT 2003"]
[Source "ChessBase"]
[SourceDate "2002.11.25"]
[SourceVersion "1"]
[SourceVersionDate "2002.11.25"]
[SourceQuality "1"]

1. e4 c5 2. Nf3 Nc6 3. d4 cxd4 4. Nxd4 Nf6 5. Nc3 e5 6. Ndb5 d6 7. Bg5 a6 8. Na3 b5 9. Nd5 Be7 10. Bxf6 Bxf6 11. c3 Bg5 12. Nc2 0-0 13. h4 Bh6 14. g3 g6 15. h5 Bg7 16. Bg2 Be6 17. Nce3 Rc8 18. 0-0 Qg5 19. hxg6 hxg6 20. a4 bxa4 21. Rxa4 a5 22. Nc4 Rb8 23. Qe2 Bg4 24. Qc2 Qd8 25. Nde3 Be6 26. Rd1 Qc7 27. Rxd6 Rfc8 28. Bf1 Bf8 29. Rd1 Bc5 30. Nd5 Qb7 31. Rb1 Bxd5 32. exd5 Ne7 33. d6 Nf5 34. Bg2 Qb5 35. Nxe5 Bxf2+ 36. Qxf2 Qxe5 37. d7 Rd8 38. Rd1 Qb5 39. Re4 Rxd7 40. Rde1 Qxb2 41. Re8+ Kg7 42. Qc5 Qb6 43. Qxb6 Rxb6 44. Ra8 Rb2 45. Rxa5 Rdd2 1-0

[Event "FRA-chT 0001 U18"]
[Site "Gonfreville"]
[Date "2000.12.21"]
[Round "4"]
[White "Brih, Said"]
[Black "Touboulic, Julien"]
[Result "0-1"]
[WhiteElo "2054"]
[BlackElo "2058"]
[PlyCount "74"]
[EventDate "2000.11.??"]
[EventType "team"]
[EventRounds "11"]
[EventCountry "FRA"]
[SourceTitle "EXT 2002"]
[Source "ChessBase"]
[SourceDate "2001.11.25"]
[SourceVersion "1"]
[SourceVersionDate "2001.11.25"]
[SourceQuality "1"]

1. e4 c5 2. Nc3 Nc6 3. g3 g6 4. Bg2 Bg7 5. d3 e6 6. f4 d6 7. Nf3 Nge7 8. 0-0 0-0 9. Be3 Nd4 10. Bf2 Nec6 11. Nxd4 Nxd4 12. Rb1 Qa5 13. a3 Rb8 14. Ne2 b5 15. c3 Nxe2+ 16. Qxe2 Bd7 17. e5 Qc7 18. b4 cxb4 19. cxb4 Rbc8 20. exd6 Qxd6 21. Bxa7 Rc3 22. Kh1 Bd4 23. Bxd4 Qxd4 24. Qe4 Qd6 25. Rbc1 Rfc8 26. Rxc3 Rxc3 27. Ra1 Rc2 28. Qe5 Qxd3 29. Qe1 Qc4 30. Qf1 Bc6 31. Bf3 Qc3 32. Bxc6 Qxc6+ 33. Kg1 Qb6+ 34. Kh1 Rf2 35. Qh3 Qe3 36. Rf1 Ra2 37. Qh4 Qe4+ 0-1

[Event "FRA-chT 9900 U18"]
[Site "Hyeres"]
[Date "2000.05.07"]
[Round "10.2"]
[White "Touboulic, Julien"]
[Black "Kessler, Martin"]
[Result "1-0"]
[WhiteElo "2058"]
[BlackElo "2090"]
[PlyCount "46"]
[EventDate "1999.??.??"]
[EventType "team"]
[EventRounds "11"]
[EventCountry "FRA"]
[SourceTitle "EXT 2002"]
[Source "ChessBase"]
[SourceDate "2001.11.25"]
[SourceVersion "1"]
[SourceVersionDate "2001.11.25"]
[SourceQuality "1"]

1. e4 c5 2. Nf3 d6 3. d4 cxd4 4. Nxd4 Nf6 5. Nc3 Nc6 6. Bg5 a6 7. Qd2 e6 8. 0-0-0 Be7 9. f4 Bd7 10. Kb1 0-0 11. Nf3 Qa5 12. Bd3 Rfc8 13. Rhe1 Nb4 14. a3 Nxd3 15. Qxd3 Rc7 16. e5 dxe5 17. fxe5 Bxa3 18. exf6 Bxb2 19. Kxb2 Qb4+ 20. Kc1 Rac8 21. Re4 Qa3+ 22. Kd2 Be8 23. Ne2 Bc6 1-0

[Event "FRA-chT 9900"]
[Site "France"]
[Date "2000.04.29"]
[Round "8.8"]
[White "Touboulic, Julien"]
[Black "Lefebvre, Herve"]
[Result "0-1"]
[WhiteElo "2058"]
[BlackElo "2134"]
[PlyCount "78"]
[EventDate "1999.02.04"]
[EventType "team"]
[EventRounds "11"]
[EventCountry "FRA"]
[SourceTitle "EXT 2001"]
[Source "ChessBase"]
[SourceDate "2000.11.22"]
[SourceVersion "1"]
[SourceVersionDate "2000.11.22"]
[SourceQuality "1"]

1. e4 e6 2. d4 d5 3. Nc3 Nf6 4. Bg5 Bb4 5. e5 h6 6. Bd2 Bxc3 7. bxc3 Ne4 8. Bd3 Nxd2 9. Qxd2 c5 10. Nf3 Nc6 11. h4 c4 12. Be2 Bd7 13. Rh3 b5 14. Rg3 Kf8 15. Rh3 a5 16. g4 g6 17. h5 g5 18. Ng1 b4 19. f4 bxc3 20. Rxc3 Qb6 21. fxg5 Nxd4 22. Nf3 Nxf3+ 23. Rxf3 Qg1+ 24. Bf1 Qxg4 25. Qf2 Qxh5 26. Rb1 Ke8 27. Rb7 Qxg5 28. Kd1 Rf8 29. Qd4 h5 30. Rxd7 Kxd7 31. Bxc4 Rfb8 32. Bb3 Ke8 33. Qc5 Qe7 34. Ba4+ Kf8 35. Qe3 Rb1+ 36. Ke2 Qh4 37. Qh6+ Kg8 38. Rf2 Qg4+ 39. Kd2 Rd1+ 0-1

[Event "FRA-chT U18 9798"]
[Site "France"]
[Date "1998.05.??"]
[Round "10"]
[White "Touboulic, Julien"]
[Black "Brih, Said"]
[Result "0-1"]
[WhiteElo "1850"]
[BlackElo "1780"]
[PlyCount "104"]
[EventDate "1997.??.??"]
[EventType "team"]
[EventRounds "11"]
[EventCountry "FRA"]
[SourceTitle "EXT 2001"]
[Source "ChessBase"]
[SourceDate "2000.11.22"]
[SourceVersion "1"]
[SourceVersionDate "2000.11.22"]
[SourceQuality "1"]

1. e4 c5 2. Nf3 Nc6 3. d4 cxd4 4. Nxd4 Nf6 5. Nc3 e5 6. Ndb5 d6 7. Bg5 a6 8. Na3 b5 9. Nd5 Be7 10. Bxf6 Bxf6 11. c3 Bg5 12. g3 0-0 13. Bg2 Rb8 14. Nc2 Ne7 15. Ncb4 Bb7 16. 0-0 Nxd5 17. Nxd5 g6 18. Qb3 Kh8 19. Rad1 f5 20. f4 exf4 21. gxf4 Bh6 22. e5 dxe5 23. fxe5 Qh4 24. Rd4 Bxd5 25. Rxh4 Be3+ 26. Kh1 Bxb3 27. axb3 Rfe8 28. Ra1 Rxe5 29. Rh3 Bg5 30. Kg1 Re2 31. Bf1 Rxb2 32. Rxa6 Rxb3 33. Rxg6 Be3+ 34. Kh1 Rxc3 35. Re6 Rc1 36. Rexe3 Rxf1+ 37. Kg2 Rf4 38. Rh5 b4 39. Kh3 Re4 40. Rd3 Re7 41. Rxf5 b3 42. Rf1 b2 43. Rdd1 Re2 44. Rb1 Rc2 45. Rg1 Rb3+ 46. Rg3 Rxg3+ 47. Kxg3 Kg7 48. Kg4 Kf6 49. Kf4 h5 50. Ke3 Kg5 51. Kf3 Kf5 52. Ke3 Kg4 0-1

[Event "FRA-chT U18 9798"]
[Site "France"]
[Date "1998.??.??"]
[Round "11"]
[White "Fischer, Marc"]
[Black "Touboulic, Julien"]
[Result "0-1"]
[WhiteElo "1640"]
[BlackElo "1850"]
[PlyCount "108"]
[EventDate "1997.??.??"]
[EventType "team"]
[EventRounds "11"]
[EventCountry "FRA"]
[SourceTitle "EXT 2001"]
[Source "ChessBase"]
[SourceDate "2000.11.22"]
[SourceVersion "1"]
[SourceVersionDate "2000.11.22"]
[SourceQuality "1"]

1. d4 Nf6 2. Bg5 d5 3. c4 e6 4. Nc3 Nbd7 5. Nf3 Be7 6. e3 b6 7. Rc1 Bb7 8. b3 0-0 9. Be2 c5 10. 0-0 h6 11. Bf4 Nh5 12. Bg3 Nxg3 13. fxg3 Nf6 14. h3 Nh5 15. Qe1 Bd6 16. Ne5 Qg5 17. Bxh5 Qxh5 18. Ng4 Qg5 19. cxd5 exd5 20. Nb5 Be7 21. Ne5 a6 22. Nf3 Qg6 23. Nc3 Bd6 24. Ne2 Rfe8 25. Qf2 Qe6 26. Rc3 a5 27. Nf4 Qe4 28. Nd2 Qe7 29. Qf3 cxd4 30. exd4 Bb4 31. Rc2 Qe3+ 32. Qf2 Bd6 33. Nb1 a4 34. Nc3 Bxf4 35. gxf4 axb3 36. axb3 Ra3 37. Rb1 Qd3 38. Rd1 Qa6 39. b4 Rb3 40. Re1 Rxe1+ 41. Qxe1 Qd3 42. Qc1 Qxd4+ 43. Kh1 Qxb4 44. Nd1 d4 45. Nb2 Rxh3+ 46. Kg1 Rg3 47. Nc4 d3 48. Rd2 Qc5+ 49. Kf1 b5 50. Qe1 Rg6 51. Qe8+ Kh7 52. Ne3 Qc1+ 53. Rd1 Bxg2+ 54. Kf2 Qb2+ 0-1